| 000 | 005950000a22001810004500 | ||
|---|---|---|---|
| 003 | MACL | ||
| 005 | 20160401142557.0 | ||
| 008 | 160401b xxu||||| |||| 00| 0 eng d | ||
| 040 |
_aMACL _cMACL |
||
| 041 | _aHindi | ||
| 082 | _a330 | ||
| 100 |
_aसेनगुप्ता वृन्दा _949681 |
||
| 245 | _aछत्तीसगढ में कोसा उधोग | ||
| 260 |
_bनीरज बुक सेन्टर _c2010 _aनई दिल्ली |
||
| 350 | _a300 | ||
| 650 |
_aअर्थ शास्त्र _936349 |
||
| 942 |
_cHIN _k330/SEN _2ddc |
||
| 999 |
_c45361 _d45361 |
||